000 01462cam a22004454i 4500
003 PE-LiUPU
005 20250731173541.0
008 150616s r 000 0 d
020 _a0802808301
035 _a(Sirsi) i9780802808301
040 _aPE-LiUPU
_bspa
_cPE-LiUPU
_erda
049 _aPRUA
082 0 4 _a248.6
_bR96W
_221
100 1 _aRusbuldt, Richard E.,
_eautor.
245 1 2 _aA Workbook on Biblical Stewardship :
_bLeader`s Guide /
_cRichard E. Rusbuldt.
264 1 _aGrand Rapids, Michigan :
_bWilliam B. Eerdmans Publishing Company,
_c1994.
300 _a31 páginas ;
_c21 centímetros
336 _atext
_2rdacontent
337 _aunmediated
_2rdamedia
338 _avolume
_2rdacarrier
526 _aSEG42
526 _aSEG41
526 _aSEG40
526 _aSEG39
526 _aP94
526 _aP87
526 _aP86
526 _aP85
526 _aP77
526 _aP76
526 _aP35
650 0 4 _aMayordomía cristiana.
_9930
910 _ajck
_bjvq
_cjck
942 _2ddc
_cBOOK
949 _a248.6 R96W
_wDEWEY
_c1
_i42598
_lCCODEBUL1
_mBUL
_r0
_sY
_tBOOK
_u2015-6-16
_xTEOLOGIA
_zUNKNOWN
_0COMPRA
_o.STAFF. Colección General
994 _aC0
_bPEPRU
596 _a1
999 _a248.6 R96W
_wDEWEY
_c60434
_i42598
_f2021-11-12
_g5
_lCCODEBUL1
_mBUL
_r0
_sY
_tBOOK
_u2015-6-16
_xTEOLOGIA
_zUNKNOWN
_0COMPRA
_o.STAFF. Colección General
_d60434
980 _81
_gALBERTO SANCHEZ Responsable de Automatización